Library of the University of Algiers 3
Ibrahim Sultan Cheibout
شعار جامعة الجزائر 3
مكتبة جامعة الجزائر 3
إبراهيم سلطان شيبوط

مقومات الاستثمار في سوق الأوراق المالية الإسلامية / (رقم التسجيلة. 44244)

تفاصيل مارك
000 -LEADER
fixed length control field 01121nam a2200241Ia 4500
003 - CONTROL NUMBER IDENTIFIER
control field Ost
005 - DATE AND TIME OF LATEST TRANSACTION
control field 20260507075357.0
008 - FIXED-LENGTH DATA ELEMENTS--GENERAL INFORMATION
fixed length control field 260507s9999||||xx |||||||||||||| ||und||
020 ## - INTERNATIONAL STANDARD BOOK NUMBER
International Standard Book Number 51208099579
040 ## - CATALOGING SOURCE
Transcribing agency fsecg
041 ## - LANGUAGE CODE
Language code of text/sound track or separate title ara
082 ## - DEWEY DECIMAL CLASSIFICATION NUMBER
Classification number 330
100 ## - MAIN ENTRY--PERSONAL NAME
Personal name عدنان، بن الضيف محمد
Relator term مؤلف
245 #0 - TITLE STATEMENT
Title مقومات الاستثمار في سوق الأوراق المالية الإسلامية /
Statement of responsibility, etc. بن الضيف محمد عدنان
260 ## - PUBLICATION, DISTRIBUTION, ETC.
Place of publication, distribution, etc. عمان:
Name of publisher, distributor, etc. دار النفائس للنشر والتوزيع,
Date of publication, distribution, etc. 2013
300 ## - PHYSICAL DESCRIPTION
Extent 334 صفحة؛
Other physical details جداول، أشكال بيانية
Dimensions 25 سم
504 ## - BIBLIOGRAPHY, ETC. NOTE
Bibliography, etc. note الملاحق ص.301 المراجع ص.311
520 ## - SUMMARY, ETC.
Summary, etc. الإطار النظري للإستثمار من منظوريه الوضعي والإسلامي-سوق الأوراق المالية من المنظور الإسلامي-أدوات الاستثمار في أسواق الأوراق المالية الإسلامية
653 ## - INDEX TERM--UNCONTROLLED
Uncontrolled term الإستثمار
653 ## - INDEX TERM--UNCONTROLLED
Uncontrolled term الإقتصاد الإسلامي
653 ## - INDEX TERM--UNCONTROLLED
Uncontrolled term الأوراق المالية
942 ## - ADDED ENTRY ELEMENTS (KOHA)
Koha item type كتب
المقتنيات
Withdrawn status Lost status Source of classification or shelving scheme Damaged status Not for loan Home library Current library Date acquired Serial enumeration / chronology Inventory number Total checkouts Full call number Barcode Date last seen Price effective from Koha item type
    Dewey Decimal Classification   NOT LOAN / إعارة داخلية مكتبة كلية العلوم الإقتصادية والعلوم التجارية وعلوم التسيير مكتبة كلية العلوم الإقتصادية والعلوم التجارية وعلوم التسيير 07/05/2026 الطابق الأرضي 25466   أ/4302ن1 25466 07/05/2026 07/05/2026 كتب
    Dewey Decimal Classification   Available مكتبة كلية العلوم الإقتصادية والعلوم التجارية وعلوم التسيير مكتبة كلية العلوم الإقتصادية والعلوم التجارية وعلوم التسيير 07/05/2026 الطابق الأرضي 25467   أ/4302ن2 25467 07/05/2026 07/05/2026 كتب
    Dewey Decimal Classification   Available مكتبة كلية العلوم الإقتصادية والعلوم التجارية وعلوم التسيير مكتبة كلية العلوم الإقتصادية والعلوم التجارية وعلوم التسيير 07/05/2026 الطابق الثاني 25468   أ/4302ن3 25468 07/05/2026 07/05/2026 كتب

موارد الويب المفتوحة


© University of Algiers 3 All Rights Reserved
|
Implemented by LECHELAH Riad